Miasta w Pakistanie - nagła śmierć - Statystyki

Ogólne statystyki
  • Ten quiz został rozwiązany 27 razy
  • Średni wynik to 5 z 12
Answers on the Grid
Answers color-coded by a green-red scale on the quiz's grid according to % correct below.
Lhasa
Pokhara
Rangun
Khulna
Indore
Surat
Pune
Ahmadabad
Bahawalpur
Fajsalabad
Ghotki
Gudźranwala
Hajdarabad
Islamabad
Karaczi
Kweta
Lahaur
Multan
Peszawar
Rawalpindi
 
Statystyki odpowiedzi
Odpowiedź % Poprawnych
Islamabad
85%
Karaczi
77%
Fajsalabad
54%
Hajdarabad
54%
Lahaur
46%
Gudźranwala
31%
Multan
31%
Bahawalpur
23%
Kweta
23%
Peszawar
23%
Rawalpindi
23%
Ghotki
15%
Nie znaleziono quizów pasujących do podanych kryteriów
Rozkład punktacji
Procent ludzi z każdym wynikiem
Percentyl według liczby udzielonych odpowiedzi
Twoja historia wyników
Nie rozwiązałeś tego quizu